[Event "Niedersachsen-chT U16"]
[Site "Verden an der Aller"]
[Date "2008.05.04"]
[Round "5.4"]
[White "Stickler, Peter Michael"]
[Black "Schlachta, Viktor"]
[Result "0-1"]
[WhiteElo "1059"]
[BlackElo "866"]
[PlyCount "48"]
[EventDate "2008.05.01"]
[EventType "team"]
[EventRounds "7"]
[EventCountry "GER"]
[SourceTitle "EXT 2009"]
[Source "ChessBase"]
[SourceDate "2008.11.26"]
[SourceVersion "1"]
[SourceVersionDate "2008.11.26"]
[SourceQuality "1"]

1. e4 e5 2. Nf3 Nc6 3. Bc4 Bc5 4. d3 Nf6 5. 0-0 d6 6. Be3 Bb6 7. c3 Bg4 8. Nbd2 Qe7 9. Qc2 0-0 10. Rfe1 Rfe8 11. d4 exd4 12. cxd4 Nxe4 13. Bg5 Qd7 14. Nxe4 Bxf3 15. gxf3 Nxd4 16. Qd3 Qf5 17. Kg2 d5 18. Bh6 dxe4 19. fxe4 Qg6+ 20. Kh1 Qxh6 21. Rg1 Qf6 22. Rg3 Qxf2 23. Rag1 g6 24. Rh3 Nf5 0-1